000 02577nam a2200325 a 4500
001 BRCA_4991
005 20190320204907.0
008 281010m17961797mx-######v---#000-0#spa-#
041 _aspa
044 _amx
084 _aDOC69
_b.B67
_c1797
100 1 _aBorda, Manuel de la
_912713
245 1 0 _aDocumento propiedad de Don Manuel de la Borda
_cManuel de la Borda ; Matiana Velásquez ; Joaquín Romero Caamaño.
260 _aMéxico
_c1796-1797
300 _a[113] fojas, encuadernadas
_c32 x 21 cm.
500 _aDocumento que contiene varios asuntos firmados y fechados entre 1796 y 1797.
500 _aLibro N. 4. Cuenta de Albaceazgo del año 1797 de Doña María Matiana Velásquez y el Señor Manuel de la Borda
500 _aEl documento contiene la Leyenda DOC.# 229
500 _aEstado de conservación: contiene lagunas en gran parte del documento y manchas de acidez a partir de la foja 103.
505 0 _afoja[3-18]: testamentaria de Don Manuel de la Borda y su Albacea Doña Matiana Velásquez, instruidos por su cuenta general con Don Joaquín Romero Camaño como Albacea de los dos en prosecución de los anteriores.-- Fojas [19-21]: cuenta y razón del producto de arrendamientos que han tenido las casas de esa ciudad (México) pertenecientes a la testamentaria del señor Don Manuel de la Borda. fechado el 31 de diciembre de 1796.-- Fojas [22-38]: cuenta del cargo recibido de los arrendamientos que rindieron las casas de esa ciudad pertenecientes a la Testamentaria en ese año y la ´data´ en los gastos erogados para las atenciones de los herederos. Firmado por Jerónimo Deza.-- Fojas [39-43]: cuenta de vestidos y demás ropa que se le ha hecho al niño José Manuel de la Borda. Firmado por Mauricio Cervantín.-- Fojas [45-48]: liquidación y revisión de la cuenta que antecede con arreglo a las partidas de que se compone y a los documentos de comprobación a que se refieren, para su gobierno al por mayor.-- Fojas [49-56]: factura de los efectos que se recibieron de la Hacienda de Santa Rosa del Malpaso. Firmado por Nicolás Zelaya. fojas [57-113] diversos asuntos mas.
506 0 _aFondo Reservado. Para su consulta es necesario credencial de usuario y carta de motivos.
546 _aTexto en: español de finales del siglo XVIII
600 1 4 _aBorda, Manuel de la
_xHistoria
_912714
650 1 4 _aDocumentos legales
_912715
651 4 _aMéxico
_xHistoria
_yColonia, 1521-1821
_912461
700 1 _aVelásquez, Matiana
_912716
700 1 _aRomero Caamaño, Joaquín
_912717
902 _aFDH
942 _2lcc
_cD
999 _c4685
_d4685